<?xml version="1.0" encoding="UTF-8"?>
<collection xmlns="http://www.loc.gov/MARC21/slim">
    <record>
        <controlfield tag="001">30537</controlfield>
        <controlfield tag="005">20150902132006.0</controlfield>
        <datafield tag="037" ind1=" " ind2=" ">
            <subfield code="a">NORMAS-2014-113</subfield>
        </datafield>
        <datafield tag="245" ind1=" " ind2=" ">
            <subfield code="a">Reglamento de admisión en estudios universitarios oficiales de grado</subfield>
        </datafield>
        <datafield tag="260" ind1=" " ind2=" ">
            <subfield code="a">Zaragoza</subfield>
            <subfield code="b">Consejo de Gobierno de la Universidad de Zaragoza</subfield>
            <subfield code="c">2011-06-14</subfield>
        </datafield>
        <datafield tag="500" ind1=" " ind2=" ">
            <subfield code="a">Modificación 1: BOUZ 06-14 03/06/2014 Modificación 2: BOUZ 08-2014 03/07/2014</subfield>
        </datafield>
        <datafield tag="650" ind1=" " ind2=" ">
            <subfield code="a">Estudiantes </subfield>
        </datafield>
        <datafield tag="650" ind1=" " ind2=" ">
            <subfield code="a">Admisión</subfield>
        </datafield>
        <datafield tag="650" ind1=" " ind2=" ">
            <subfield code="a">Estudios</subfield>
        </datafield>
        <datafield tag="650" ind1=" " ind2=" ">
            <subfield code="a">Grado </subfield>
        </datafield>
        <datafield tag="653" ind1="1" ind2=" ">
            <subfield code="a">Estudiantes</subfield>
        </datafield>
        <datafield tag="653" ind1="1" ind2=" ">
            <subfield code="a">Admisión y acceso a títulos oficiales</subfield>
        </datafield>
        <datafield tag="700" ind1=" " ind2=" ">
            <subfield code="a">Consejo de Gobierno de la Universidad de Zaragoza</subfield>
        </datafield>
        <datafield tag="856" ind1="0" ind2=" ">
            <subfield code="f">secregen@unizar.es</subfield>
        </datafield>
        <datafield tag="856" ind1="4" ind2=" ">
            <subfield code="s">100666</subfield>
            <subfield code="u">http://zaguan.unizar.es/record/30537/files/norma_estudiantesAdmisionEstudiosGrado_2011_modif1.pdf</subfield>
            <subfield code="y">Modificación 27/05/2014</subfield>
            <subfield code="z">2</subfield>
        </datafield>
        <datafield tag="856" ind1="4" ind2=" ">
            <subfield code="s">139953</subfield>
            <subfield code="u">http://zaguan.unizar.es/record/30537/files/norma_estudiantesAdmisionEstudiosGrado_2011_modif2.pdf</subfield>
            <subfield code="y">Modificación 27/06/2014</subfield>
            <subfield code="z">3</subfield>
        </datafield>
        <datafield tag="856" ind1="4" ind2=" ">
            <subfield code="s">63278</subfield>
            <subfield code="u">http://zaguan.unizar.es/record/30537/files/norma_estudiantesAdmisionEstudiosGrado_2011_original.pdf</subfield>
            <subfield code="y">Normativa</subfield>
            <subfield code="z">1</subfield>
        </datafield>
        <datafield tag="856" ind1="4" ind2=" ">
            <subfield code="s">145754</subfield>
            <subfield code="u">http://zaguan.unizar.es/record/30537/files/norma_estudiantesAdmisionEstudiosGrado_2015_modif3.pdf</subfield>
            <subfield code="y">Modificación_25/06/2015</subfield>
            <subfield code="z">4</subfield>
        </datafield>
        <datafield tag="856" ind1="4" ind2=" ">
            <subfield code="s">170959</subfield>
            <subfield code="u">http://zaguan.unizar.es/record/30537/files/norma_estudiantesAdmisionEstudiosGrado_2011_texto_integrado .pdf</subfield>
            <subfield code="y">Texto integrado</subfield>
            <subfield code="z">999</subfield>
        </datafield>
        <datafield tag="920" ind1=" " ind2=" ">
            <subfield code="a">BOUZ 07-11 21/06/2011</subfield>
        </datafield>
        <datafield tag="980" ind1=" " ind2=" ">
            <subfield code="a">NORMAS</subfield>
        </datafield>
    </record>

    
</collection>